[Event "Fagernes op-A"]
[Site "Fagernes"]
[Date "2023.04.08"]
[Round "8"]
[White "Ermitsch, Michael"]
[Black "Ytrestoyl, Sindre Lyngsaunet"]
[Result "1/2-1/2"]
[WhiteElo "2047"]
[BlackElo "1987"]
[PlyCount "65"]
[EventDate "2023.04.02"]
[EventType "swiss"]
[EventRounds "9"]
[EventCountry "NOR"]
[SourceTitle "CBM 213 Extra"]
[Source "ChessBase"]
[SourceDate "2023.05.31"]
[SourceVersion "1"]
[SourceVersionDate "2023.05.31"]
[SourceQuality "1"]

1. e4 c6 2. d4 d5 3. Nc3 dxe4 4. Nxe4 Bf5 5. Ng3 Bg6 6. f4 e6 7. Nf3 Nd7 8. Bd3 Bxd3 9. Qxd3 Bd6 10. 0-0 Ne7 11. Ng5 h6 12. N5e4 Bc7 13. f5 exf5 14. Nxf5 Nxf5 15. Rxf5 Qh4 16. g3 Qg4 17. Bf4 0-0-0 18. Bxc7 Kxc7 19. Rxf7 Rhe8 20. Nf2 Qg5 21. Rf5 Qg6 22. Rf1 Nf6 23. Re5 Qf7 24. Rxe8 Qxe8 25. c3 Qe6 26. Qg6 Rd7 27. Qc2 Qxa2 28. Nd3 Re7 29. Ne5 Qd5 30. b4 a6 31. Qf2 Kb8 32. Qf4 Ka8 33. Re1 1/2-1/2

[Event "EU-ch U16 30th"]
[Site "Antalya"]
[Date "2022.11.12"]
[Round "7"]
[White "Stankovic, Boris"]
[Black "Ytrestoyl, Sindre Lyngsaunet"]
[Result "1-0"]
[WhiteElo "2197"]
[BlackElo "2026"]
[PlyCount "95"]
[EventDate "2022.11.06"]
[EventType "swiss"]
[EventRounds "9"]
[EventCountry "TUR"]
[SourceTitle "EXT 2024"]
[Source "ChessBase"]
[SourceDate "2023.10.10"]
[SourceVersion "1"]
[SourceVersionDate "2023.10.10"]
[SourceQuality "1"]

1. e4 c6 2. d4 d5 3. exd5 cxd5 4. Bf4 Nc6 5. c3 Bf5 6. Nf3 e6 7. Qb3 Qd7 8. Nbd2 Nge7 9. h3 Ng6 10. Be3 h5 11. Be2 Bd6 12. 0-0 0-0 13. Rfe1 Bf4 14. Bf1 Rfe8 15. Qd1 Bxe3 16. Rxe3 h4 17. Nb3 Qe7 18. Qd2 Rac8 19. Rae1 Qf6 20. Nc5 b6 21. Nd7 Qd8 22. Nde5 Ncxe5 23. Nxe5 Nxe5 24. Rxe5 Qf6 25. Bd3 Bxd3 26. Qxd3 g6 27. a3 Re7 28. Qe3 Rec7 29. Qh6 Qh8 30. Qf4 Kg7 31. R5e3 Qd8 32. Rf3 Rd7 33. Qe5+ Kg8 34. Rf4 Qc7 35. Qg5 Qd8 36. Qh6 Qf8 37. Qxh4 Qg7 38. Qg5 Rcc7 39. Re3 f5 40. h4 Kf7 41. h5 Qf6 42. Qh6 gxh5 43. Qxh5+ Qg6 44. Qh8 Qg7 45. Rxf5+ exf5 46. Qe8+ Kf6 47. Qe5+ Kf7 48. Qxf5+ 1-0

[Event "Fagernes Autumn op"]
[Site "Fagernes"]
[Date "2022.10.10"]
[Round "2"]
[White "Sethuraman, SP."]
[Black "Ytrestoyl, Sindre Lyngsaunet"]
[Result "1-0"]
[WhiteElo "2645"]
[BlackElo "2045"]
[PlyCount "57"]
[EventDate "2022.10.09"]
[EventType "swiss"]
[EventRounds "9"]
[EventCountry "NOR"]
[SourceTitle "CBM 210 Extra"]
[Source "ChessBase"]
[SourceDate "2022.11.30"]
[SourceVersion "1"]
[SourceVersionDate "2022.11.30"]
[SourceQuality "1"]

1. e4 c6 2. d4 d5 3. e5 c5 4. Nf3 Bg4 5. dxc5 e6 6. Be3 Nh6 7. Bb5+ Nd7 8. h3 Bxf3 9. Qxf3 Nf5 10. c4 a6 11. Ba4 Nxe3 12. Qxe3 Qa5+ 13. Nc3 0-0-0 14. cxd5 Nxc5 15. Bc2 exd5 16. 0-0-0 Ne6 17. Qf3 Bc5 18. Bb3 d4 19. Ne4 Rhf8 20. Qg4 Qb6 21. Kb1 Kb8 22. Bxe6 fxe6 23. Rd3 Rd7 24. Rb3 Qc6 25. Rc1 h5 26. Rxc5 hxg4 27. Rxc6 d3 28. Nc5 Rd5 29. Rxb7+ 1-0

[Event "Wch U16"]
[Site "Mamaia"]
[Date "2022.09.13"]
[Round "8"]
[White "Koutlas, Nikolaos"]
[Black "Ytrestoyl, Sindre Lyngsaunet"]
[Result "1-0"]
[WhiteElo "2316"]
[BlackElo "2013"]
[PlyCount "63"]
[EventDate "2022.09.06"]
[EventType "swiss"]
[EventRounds "11"]
[EventCountry "ROU"]
[SourceTitle "CBM 210 Extra"]
[Source "ChessBase"]
[SourceDate "2022.11.30"]
[SourceVersion "1"]
[SourceVersionDate "2022.11.30"]
[SourceQuality "1"]

1. c4 Nf6 2. Nc3 e5 3. g3 d5 4. cxd5 Nxd5 5. Bg2 Nxc3 6. bxc3 c6 7. Nf3 Nd7 8. 0-0 Be7 9. d4 Qc7 10. Qc2 0-0 11. Rd1 Rd8 12. Rb1 h6 13. Nxe5 Nxe5 14. Bf4 Be6 15. Bxe5 Bd6 16. Bxd6 Rxd6 17. e4 b5 18. f4 f6 19. Re1 Rad8 20. a4 b4 21. e5 fxe5 22. fxe5 R6d7 23. Rb2 b3 24. Rxb3 c5 25. Rb7 Qc8 26. Rxd7 Rxd7 27. d5 Bxd5 28. e6 Bxe6 29. Rxe6 Qd8 30. Re1 Re7 31. Rxe7 Qxe7 32. Qe4 1-0

[Event "NOR-chT Clubs"]
[Site "Drammen"]
[Date "2022.05.26"]
[Round "6"]
[White "Ytrestoyl, Sindre Lyngsaunet"]
[Black "Torngren, Gustav"]
[Result "1-0"]
[WhiteElo "1872"]
[BlackElo "2251"]
[PlyCount "101"]
[EventDate "2022.05.26"]
[EventType "team-swiss"]
[EventRounds "6"]
[EventCountry "NOR"]
[SourceTitle "EXT 2024"]
[Source "ChessBase"]
[SourceDate "2023.10.10"]
[SourceVersion "1"]
[SourceVersionDate "2023.10.10"]
[SourceQuality "1"]
[WhiteTeam "Kristiansund"]
[BlackTeam "Nordstrand"]
[WhiteTeamCountry "NOR"]
[BlackTeamCountry "NOR"]

1. Nf3 a6 2. c4 e6 3. Nc3 d5 4. cxd5 exd5 5. d4 c6 6. Bf4 Bd6 7. Bxd6 Qxd6 8. e3 Bf5 9. Bd3 Bxd3 10. Qxd3 Nd7 11. 0-0 Ne7 12. Rad1 0-0 13. Rfe1 Rad8 14. e4 Rfe8 15. h3 dxe4 16. Qxe4 Nf6 17. Qc2 Ned5 18. Re5 Nf4 19. Qf5 N4d5 20. Rde1 Rf8 21. Ne4 Nxe4 22. Qxe4 Qb4 23. Re2 h6 24. h4 Nf6 25. Qf4 Rd5 26. Qf5 Qc4 27. Qb1 Rxe5 28. Rxe5 Rd8 29. b3 Qb4 30. Qc2 Qa3 31. Rf5 Ra8 32. Ne5 Qd6 33. Nf3 Nd5 34. Ne5 Rf8 35. Rf3 Nc7 36. Qf5 f6 37. Ng4 Kh8 38. Nxh6 Ne6 39. Ng4 Rd8 40. Qh5+ Kg8 41. Qg6 Nf8 42. Nh6+ Kh8 43. Qf7 Ne6 44. Nf5 Qd7 45. Ne7 Qe8 46. Qxe6 Rxd4 47. Rg3 Kh7 48. Rxg7+ Kxg7 49. Nf5+ Kf8 50. Qxe8+ Kxe8 51. Nxd4 1-0